تحميل...
Ramapurathinte Katha/
| التنسيق: | Printed Book |
|---|---|
| منشور في: |
Kannur:
Kairali Books,
2009.
|
| الموضوعات: |
| LEADER | 00479nam a22001457a 4500 | ||
|---|---|---|---|
| 999 | |c 144578 |d 144578 | ||
| 082 | |a M3 |b SUD/R | ||
| 245 | |a Ramapurathinte Katha/ |c by Sudhakaran Ramanthali | ||
| 260 | |a Kannur: |b Kairali Books, |c 2009. | ||
| 300 | |a 204p. | ||
| 650 | |a Novel Malayalam | ||
| 650 | |a Literature Malayalam | ||
| 650 | |a Literature | ||
| 942 | |c BK | ||
| 952 | |0 0 |1 0 |4 0 |6 M_3_000000000000000_SUD_R |7 0 |9 102118 |a SSUS |b SSUS |c STACKS |d 2020-02-18 |g 120.00 |o M3 SUD/R |p 098852 |r 2020-02-18 |w 2020-02-18 |y BK | ||